| 000 | 00000nam##2200000za#4500 |
| 001 | 9.688976 |
| 003 | CaOODSP |
| 005 | 20210908130057 |
| 007 | cr ||||||||||| |
| 008 | 150407|2006||||xxc|||||o f|0| 0 eng|d |
| 020 | |a0-662-44452-3 |
| 040 | |aCaOODSP|beng |
| 043 | |an-cn--- |
| 086 | 1 |aPS64-32/2006E-PDF |
| 110 | 2 |aRoyal Canadian Mounted Police. |
| 245 | 12|aA research report on youth gangs : |h[electronic resource]|bproblems, perspective and priorities / |cby Jharna Chatterjee. |
| 260 | |aOttawa - Ontario : |bRoyal Canadian Mounted Police |c2006. |
| 300 | |a75p.|breferences |
| 590 | |a13-14-Supp|b2013-05-30 |
| 690 | 07|aYoung offenders|2gcpds |
| 775 | 08|tUn rapport de recherche sur les gangs de jeunes : |w(CaOODSP)9.633396 |
| 856 | 40|ahttp://publications.gc.ca|qPDF|s1.46 MB|uhttps://publications.gc.ca/collections/collection_2013/grc-rcmp/PS64-32-2006-eng.pdf |